000 00374nam a2200157Ia 4500
008 151213s9999 xx 000 0 und d
100 _aM. Farukh Khan
245 _aThe Law of Trusts
_cM. Farukh Khan
250 _a1st
260 _aDhaka
_bDynamic Publications
_c1993
300 _a5102 p.
650 _aLaw
650 _aLaw
700 _aM. Farukh Khan
999 _c3150
_d3150